000 00914nam a2200277Ia 4500
003 OSt
005 20220930093226.0
006 a|||||r|||| 00| 0
007 ta
008 220926b |||||||| |||| 00| 0 eng d
024 _a35386
037 _cTheses
040 _aCRL
_cCRL
_beng
041 _2eng
_aeng
100 _aYADAV Sushma Au.
_9551244
110 _aUniversity of Delhi. Music and Fine Arts. Music
_9551245
245 0 _aGrowth of Printmaking Centres in India
_b A Study of Prominent Printmakers.
260 _c2015
300 _a620p.
_ap.
_ccm.
700 _a Prof. Anupam Sud Gu.
_9551246
700 _a Prof. Pramjeet Singh Gu.
_9551247
700 _a Prof. S.N. Lahiri Gu.
700 _aUniversity of Delhi. Music and Fine Arts. Music
_9551248
942 _cDIS
_2CC
999 _c885038
_d885038